[Event "DVM U20 2018"]
[Site "Osnabrück GER"]
[Date "2018.12.29"]
[Round "5"]
[White "Karlisch, Moritz"]
[Black "Niesel, Tobias"]
[Result "1-0"]
[Termination "normal"]
[Board "1.6"]
[WhiteElo "1864"]
[BlackElo "1890"]
[WhiteClock "00:06:52"]
[BlackClock "00:14:35"]
[WhiteTeam "SK Doppelbauer Kiel"]
[BlackTeam "SG Porz"]
[PlyCount "131"]
[WhiteFideId "12964859"]
[BlackFideId "12962155"]
[EventCountry "GER"]
[EventRounds "7"]
[EventType "team-swiss"]
[EventDate "2018.12.26"]

1. Nf3 {[%clk 1:30:56]} Nf6 {[%clk 1:30:52]} 2. d4 {[%clk 1:31:12]} c5 {[%clk
1:31:16]} 3. g3 {[%clk 1:28:43]} b6 {[%clk 1:29:33]} 4. Bg2 {[%clk 1:26:50]}
Bb7 {[%clk 1:29:58]} 5. c4 cxd4 {[%clk 1:22:23]} 6. Qxd4 {[%clk 1:24:12]} Nc6
7. Qd1 {[%clk 1:19:27]} g6 {[%clk 1:18:23]} 8. b3 {[%clk 1:18:09]} Bg7 {[%clk
1:18:39]} 9. Bb2 {[%clk 1:18:18]} O-O {[%clk 1:18:58]} 10. Nc3 {[%clk 1:10:56]}
Rc8 {[%clk 1:04:33]} 11. O-O {[%clk 1:05:15]} a6 {[%clk 0:31:58]} 12. e3 {[%clk
1:01:18]} Ne4 13. Rc1 {[%clk 0:57:34]} Nc5 {[%clk 0:23:48]} 14. Qe2 Ne5 {[%clk
0:20:05]} 15. Nxe5 {[%clk 0:55:00]} Bxg2 {[%clk 0:20:20]} 16. Kxg2 {[%clk
0:55:27]} Bxe5 {[%clk 0:20:41]} 17. f4 {[%clk 0:54:50]} Bg7 {[%clk 0:21:06]}
18. e4 {[%clk 0:52:02]} a5 {[%clk 0:18:27]} 19. Rfd1 {[%clk 0:45:12]} Rc6
{[%clk 0:17:53]} 20. Rd2 {[%clk 0:40:08]} Re6 21. e5 {[%clk 0:32:43]} f6 {[%clk
0:16:25]} 22. Nb5 {[%clk 0:27:55]} fxe5 {[%clk 0:15:00]} 23. fxe5 {[%clk
0:25:54]} Qb8 {[%clk 0:09:40]} 24. Re1 d6 {[%clk 0:07:01]} 25. Rd5 {[%clk
0:25:41]} Qb7 {[%clk 0:06:04]} 26. Kg1 {[%clk 0:21:47]} Rf5 {[%clk 0:05:44]}
27. g4 {[%clk 0:16:17]} Rf4 28. Qg2 Nd7 {[%clk 0:03:54]} 29. Qg3 {[%clk
0:08:53]} Rf7 {[%clk 0:02:00]} 30. exd6 {[%clk 0:07:09]} Rxe1+ {[%clk 0:02:22]}
31. Qxe1 {[%clk 0:07:37]} e6 {[%clk 0:01:01]} 32. Rd2 {[%clk 0:06:40]} Bxb2
{[%clk 0:01:02]} 33. Rxb2 Qf3 {[%clk 0:01:02]} 34. Qe2 {[%clk 0:05:44]} Qf4 35.
Rd2 {[%clk 0:03:59]} e5 {[%clk 0:00:53]} 36. Nc3 {[%clk 0:03:48]} h5 {[%clk
0:00:51]} 37. gxh5 gxh5 {[%clk 0:01:17]} 38. Ne4 {[%clk 0:01:40]} Rg7+ {[%clk
0:01:14]} 39. Kh1 {[%clk 0:02:09]} Rg4 {[%clk 0:01:26]} 40. Ng3 {[%clk
0:01:08]} h4 {[%clk 0:01:08]} 41. Nf1 Rg6 {[%clk 0:25:20]} 42. Rd3 {[%clk
0:26:40]} Qg5 {[%clk 0:23:27]} 43. Qf2 {[%clk 0:24:26]} e4 {[%clk 0:20:02]} 44.
Rh3 {[%clk 0:21:41]} Rxd6 45. Qxh4 {[%clk 0:18:50]} Qxh4 {[%clk 0:17:26]} 46.
Rxh4 {[%clk 0:19:18]} Nc5 {[%clk 0:16:54]} 47. Kg2 {[%clk 0:13:46]} Kg7 {[%clk
0:16:41]} 48. Kf2 {[%clk 0:13:28]} Kg6 49. Ke2 {[%clk 0:12:53]} Kg5 {[%clk
0:16:21]} 50. Rh8 {[%clk 0:12:10]} Kf4 {[%clk 0:16:04]} 51. Ne3 {[%clk
0:12:11]} Ne6 {[%clk 0:15:12]} 52. Rh4+ {[%clk 0:10:56]} Ke5 {[%clk 0:15:27]}
53. Rh5+ {[%clk 0:11:25]} Kf6 54. Nd5+ {[%clk 0:08:40]} Kg6 {[%clk 0:14:18]}
55. Re5 {[%clk 0:08:45]} Nd4+ {[%clk 0:12:58]} 56. Ke3 {[%clk 0:08:12]} Nf3
{[%clk 0:13:23]} 57. Rxe4 {[%clk 0:08:29]} Nxh2 {[%clk 0:13:47]} 58. Ne7+
{[%clk 0:07:53]} Kg5 {[%clk 0:14:06]} 59. Nc8 {[%clk 0:06:49]} Rf6 {[%clk
0:14:15]} 60. Re5+ {[%clk 0:07:01]} Kg4 {[%clk 0:14:23]} 61. Rb5 {[%clk
0:06:47]} Nf1+ {[%clk 0:14:20]} 62. Kd4 {[%clk 0:06:58]} Rf4+ {[%clk 0:14:10]}
63. Kd5 {[%clk 0:07:08]} Ne3+ {[%clk 0:14:25]} 64. Kc6 {[%clk 0:07:26]} Nxc4
{[%clk 0:14:48]} 65. Nxb6 {[%clk 0:06:57]} Rf6+ {[%clk 0:14:35]} 66. Kc5 {[%clk
0:06:52]} 1-0

[Event "DVM U20 2018"]
[Site "Osnabrück GER"]
[Date "2018.12.29"]
[Round "5"]
[White "Flüchter, Gregor"]
[Black "Sieber, Fiona"]
[Result "0-1"]
[Termination "normal"]
[Board "2.1"]
[BlackTitle "WIM"]
[WhiteElo "2157"]
[BlackElo "2262"]
[WhiteClock "00:00:51"]
[BlackClock "00:18:24"]
[WhiteTeam "SF Brackel"]
[BlackTeam "SG Aufbau Elbe Magdeburg"]
[PlyCount "50"]
[WhiteFideId "12903396"]
[BlackFideId "12902373"]
[EventCountry "GER"]
[EventRounds "7"]
[EventType "team-swiss"]
[EventDate "2018.12.26"]

1. e4 {[%clk 1:30:58]} c5 {[%clk 1:30:57]} 2. f4 {[%clk 1:31:22]} d5 {[%clk
1:31:21]} 3. exd5 {[%clk 1:31:47]} Nf6 {[%clk 1:31:36]} 4. Bb5+ {[%clk
1:32:11]} Nbd7 {[%clk 1:30:52]} 5. Nf3 {[%clk 1:32:22]} a6 {[%clk 1:30:04]} 6.
Bxd7+ {[%clk 1:32:37]} Bxd7 {[%clk 1:30:25]} 7. Ne5 {[%clk 1:32:54]} Bf5 {[%clk
1:26:06]} 8. c4 {[%clk 1:33:11]} b5 {[%clk 1:16:14]} 9. d3 {[%clk 1:28:39]} e6
{[%clk 1:16:04]} 10. g4 {[%clk 0:50:03]} Bg6 {[%clk 1:16:19]} 11. Qe2 bxc4
{[%clk 0:41:47]} 12. f5 {[%clk 0:22:40]} Qxd5 {[%clk 0:34:05]} 13. Rf1 {[%clk
0:22:33]} Nxg4 {[%clk 0:27:02]} 14. Nxg6 {[%clk 0:03:12]} hxg6 {[%clk 0:26:44]}
15. Qxg4 {[%clk 0:03:30]} gxf5 {[%clk 0:24:40]} 16. Qxc4 {[%clk 0:03:37]} Qe5+
{[%clk 0:21:18]} 17. Kd1 {[%clk 0:03:45]} Rxh2 {[%clk 0:20:25]} 18. Qa4+ {[%clk
0:02:01]} Ke7 {[%clk 0:19:48]} 19. Nc3 {[%clk 0:02:13]} Rd8 {[%clk 0:19:30]}
20. Bf4 {[%clk 0:01:58]} Rxd3+ {[%clk 0:19:31]} 21. Kc1 {[%clk 0:02:18]} Rxc3+
{[%clk 0:19:48]} 22. Kb1 {[%clk 0:01:12]} Qe2 {[%clk 0:19:31]} 23. Bd6+ {[%clk
0:00:43]} Kf6 {[%clk 0:19:02]} 24. Be5+ {[%clk 0:00:42]} Kxe5 {[%clk 0:18:23]}
25. Qf4+ {[%clk 0:00:51]} Kf6 {[%clk 0:18:24]} 0-1

[Event "DVM U20 2018"]
[Site "Osnabrück GER"]
[Date "2018.12.29"]
[Round "5"]
[White "Roseneck, Jonas"]
[Black "Knudsen, Simon"]
[Result "1-0"]
[Termination "normal"]
[Board "2.2"]
[WhiteElo "2246"]
[BlackElo "2206"]
[WhiteClock "00:07:52"]
[BlackClock "00:23:46"]
[WhiteTeam "SG Aufbau Elbe Magdeburg"]
[BlackTeam "SF Brackel"]
[PlyCount "65"]
[WhiteFideId "12939870"]
[BlackFideId "12985546"]
[EventCountry "GER"]
[EventRounds "7"]
[EventType "team-swiss"]
[EventDate "2018.12.26"]

1. e4 {[%clk 1:30:57]} c5 {[%clk 1:30:53]} 2. Nf3 {[%clk 1:31:24]} e6 {[%clk
1:31:18]} 3. d4 {[%clk 1:31:51]} cxd4 {[%clk 1:31:43]} 4. Nxd4 {[%clk 1:32:18]}
Nc6 {[%clk 1:32:06]} 5. Nc3 {[%clk 1:32:44]} Qc7 {[%clk 1:31:26]} 6. Be3 {[%clk
1:33:10]} a6 {[%clk 1:31:50]} 7. Be2 {[%clk 1:33:37]} Nf6 {[%clk 1:25:58]} 8.
a3 {[%clk 1:33:35]} Be7 {[%clk 1:21:30]} 9. f4 {[%clk 1:33:47]} d6 {[%clk
1:19:36]} 10. g4 {[%clk 1:34:06]} d5 {[%clk 1:00:36]} 11. e5 {[%clk 1:34:04]}
Nd7 {[%clk 1:00:34]} 12. g5 {[%clk 1:18:13]} Nxd4 {[%clk 0:51:19]} 13. Bxd4
{[%clk 1:15:03]} h6 {[%clk 0:44:51]} 14. gxh6 {[%clk 0:59:48]} Rxh6 {[%clk
0:45:13]} 15. Bd3 {[%clk 0:45:01]} Bh4+ {[%clk 0:38:22]} 16. Kd2 {[%clk
0:45:22]} f6 {[%clk 0:35:56]} 17. Qg4 {[%clk 0:27:58]} fxe5 {[%clk 0:36:11]}
18. Qxg7 {[%clk 0:21:18]} exd4 {[%clk 0:32:49]} 19. Bg6+ {[%clk 0:18:48]} Kd8
{[%clk 0:31:40]} 20. Qg8+ {[%clk 0:12:58]} Ke7 {[%clk 0:31:28]} 21. Nxd5+
{[%clk 0:13:24]} exd5 {[%clk 0:31:29]} 22. Qg7+ {[%clk 0:13:25]} Kd8 {[%clk
0:29:27]} 23. Qxh6 {[%clk 0:13:00]} Bf6 {[%clk 0:28:47]} 24. Rhe1 {[%clk
0:12:41]} Qa5+ {[%clk 0:28:33]} 25. b4 {[%clk 0:13:05]} Qb6 {[%clk 0:28:58]}
26. Re8+ {[%clk 0:12:12]} Kc7 {[%clk 0:29:23]} 27. Rae1 {[%clk 0:12:15]} Qc6
{[%clk 0:28:22]} 28. R1e6 {[%clk 0:09:16]} Qc3+ {[%clk 0:28:00]} 29. Ke2 {[%clk
0:09:45]} d3+ {[%clk 0:27:06]} 30. Bxd3 {[%clk 0:09:51]} Qa1 {[%clk 0:25:08]}
31. Qh5 {[%clk 0:08:14]} Bc3 {[%clk 0:25:13]} 32. Qh4 {[%clk 0:07:27]} Qc1
{[%clk 0:23:46]} 33. Qd8+ {[%clk 0:07:52]} 1-0

[Event "DVM U20 2018"]
[Site "Osnabrück GER"]
[Date "2018.12.29"]
[Round "5"]
[White "Korten, Lando"]
[Black "Biastoch, Bennet"]
[Result "0-1"]
[Termination "normal"]
[Board "2.3"]
[WhiteElo "2100"]
[BlackElo "2194"]
[WhiteClock "00:22:19"]
[BlackClock "00:28:34"]
[WhiteTeam "SF Brackel"]
[BlackTeam "SG Aufbau Elbe Magdeburg"]
[PlyCount "112"]
[WhiteFideId "12989606"]
[BlackFideId "12939889"]
[EventCountry "GER"]
[EventRounds "7"]
[EventType "team-swiss"]
[EventDate "2018.12.26"]

1. d4 {[%clk 1:30:57]} Nf6 {[%clk 1:30:54]} 2. c4 {[%clk 1:31:21]} e6 3. Nf3
{[%clk 1:29:56]} b6 {[%clk 1:27:47]} 4. g3 {[%clk 1:29:55]} Bb7 {[%clk
1:25:36]} 5. Bg2 {[%clk 1:30:04]} Be7 {[%clk 1:23:41]} 6. O-O {[%clk 1:29:09]}
O-O {[%clk 1:23:47]} 7. d5 {[%clk 1:29:32]} exd5 {[%clk 1:18:04]} 8. Nh4 c6
{[%clk 1:11:33]} 9. cxd5 {[%clk 1:29:33]} Nxd5 {[%clk 1:10:40]} 10. Nf5 {[%clk
1:29:51]} Na6 {[%clk 1:04:35]} 11. e4 Nf6 {[%clk 0:52:14]} 12. Nc3 {[%clk
1:17:51]} d5 {[%clk 0:48:38]} 13. e5 {[%clk 1:16:24]} Ne8 14. g4 {[%clk
1:05:09]} Nc5 {[%clk 0:39:48]} 15. f4 {[%clk 0:49:31]} f6 16. Be3 fxe5 {[%clk
0:29:46]} 17. fxe5 {[%clk 0:49:24]} Nc7 18. Qf3 {[%clk 0:43:38]} N7e6 {[%clk
0:25:00]} 19. Qg3 {[%clk 0:38:44]} Ba6 {[%clk 0:20:34]} 20. Rfd1 {[%clk
0:36:53]} Bd3 {[%clk 0:14:27]} 21. b4 {[%clk 0:28:32]} Bxf5 {[%clk 0:10:37]}
22. gxf5 {[%clk 0:27:58]} Rxf5 {[%clk 0:08:24]} 23. bxc5 {[%clk 0:28:00]} Bxc5
{[%clk 0:08:05]} 24. Bxc5 {[%clk 0:26:36]} Nxc5 {[%clk 0:07:38]} 25. h4 {[%clk
0:18:44]} Qe7 {[%clk 0:06:51]} 26. Nxd5 {[%clk 0:16:34]} Qxe5 {[%clk 0:05:55]}
27. Qxe5 {[%clk 0:15:47]} Rxe5 {[%clk 0:06:25]} 28. Nb4 {[%clk 0:16:12]} Re2
29. Re1 {[%clk 0:05:58]} Rae8 {[%clk 0:02:53]} 30. Kf1 Rxe1+ {[%clk 0:02:44]}
31. Rxe1 {[%clk 0:06:27]} Rf8+ {[%clk 0:02:59]} 32. Kg1 {[%clk 0:05:28]} Rf4
{[%clk 0:03:16]} 33. Nxc6 {[%clk 0:04:52]} h5 34. Bd5+ {[%clk 0:03:51]} Kh7
{[%clk 0:02:35]} 35. Nxa7 {[%clk 0:03:15]} Rxh4 {[%clk 0:03:02]} 36. Nc8 {[%clk
0:03:27]} Rb4 37. a3 {[%clk 0:03:03]} Rg4+ {[%clk 0:02:31]} 38. Kh2 {[%clk
0:03:10]} Rh4+ {[%clk 0:02:20]} 39. Kg3 {[%clk 0:03:18]} Rd4 {[%clk 0:02:39]}
40. Nxb6 {[%clk 0:02:04]} Rd3+ {[%clk 0:03:05]} 41. Kh4 {[%clk 0:01:57]} Kh6
{[%clk 0:00:50]} 42. Re5 {[%clk 0:27:38]} g5+ {[%clk 0:31:44]} 43. Rxg5 {[%clk
0:28:05]} Rd4+ {[%clk 0:32:09]} 44. Rg4 {[%clk 0:25:27]} Rxg4+ {[%clk 0:29:48]}
45. Kh3 {[%clk 0:25:52]} Rd4 46. Bg2 {[%clk 0:22:53]} Rd3+ {[%clk 0:27:53]} 47.
Kh2 {[%clk 0:23:21]} Rxa3 {[%clk 0:28:06]} 48. Nc4 Ra2 {[%clk 0:27:33]} 49. Ne5
{[%clk 0:22:12]} Ne6 {[%clk 0:26:50]} 50. Nd3 {[%clk 0:21:53]} Kg5 {[%clk
0:26:37]} 51. Kg1 {[%clk 0:21:34]} Nf4 52. Nxf4 {[%clk 0:21:55]} Kxf4 {[%clk
0:26:52]} 53. Kh2 {[%clk 0:21:54]} Kg4 {[%clk 0:27:17]} 54. Kg1 {[%clk
0:21:55]} Kg3 {[%clk 0:27:42]} 55. Bf1 {[%clk 0:21:52]} Ra1 {[%clk 0:28:07]}
56. Kh1 {[%clk 0:22:19]} Rxf1# {[%clk 0:28:34]} 0-1

[Event "DVM U20 2018"]
[Site "Osnabrück GER"]
[Date "2018.12.29"]
[Round "5"]
[White "Gerlach, Felix"]
[Black "Röhr, Tobias"]
[Result "0-1"]
[Termination "normal"]
[Board "2.5"]
[WhiteElo "2050"]
[BlackElo "2189"]
[WhiteClock "00:05:58"]
[BlackClock "00:06:41"]
[WhiteTeam "SF Brackel"]
[BlackTeam "SG Aufbau Elbe Magdeburg"]
[PlyCount "64"]
[WhiteFideId "12957690"]
[BlackFideId "12963089"]
[EventCountry "GER"]
[EventRounds "7"]
[EventType "team-swiss"]
[EventDate "2018.12.26"]

1. e4 {[%clk 1:30:56]} c5 {[%clk 1:30:50]} 2. Nf3 {[%clk 1:31:21]} e6 {[%clk
1:31:12]} 3. d4 {[%clk 1:31:48]} cxd4 {[%clk 1:31:35]} 4. Nxd4 {[%clk 1:32:14]}
Nc6 {[%clk 1:31:57]} 5. Nc3 {[%clk 1:32:39]} Qc7 {[%clk 1:31:46]} 6. Be3 {[%clk
1:33:03]} a6 {[%clk 1:32:12]} 7. Bd3 {[%clk 1:33:28]} Nf6 {[%clk 1:28:40]} 8.
O-O {[%clk 1:33:23]} b5 {[%clk 1:28:34]} 9. Nxc6 {[%clk 1:32:52]} Qxc6 {[%clk
1:28:36]} 10. Qe2 {[%clk 1:25:46]} Bb7 {[%clk 1:24:21]} 11. f4 {[%clk 1:25:09]}
b4 {[%clk 1:16:42]} 12. e5 {[%clk 1:24:32]} bxc3 {[%clk 1:13:39]} 13. exf6
{[%clk 1:24:52]} gxf6 {[%clk 1:10:31]} 14. bxc3 {[%clk 1:24:21]} Qxc3 15. Rab1
{[%clk 1:17:14]} Bd5 {[%clk 1:02:52]} 16. Qf2 {[%clk 1:09:34]} Rg8 {[%clk
0:57:04]} 17. g3 {[%clk 1:09:32]} h5 {[%clk 0:46:06]} 18. Bd4 {[%clk 0:47:54]}
Qc8 19. Qe3 {[%clk 0:39:09]} h4 {[%clk 0:42:25]} 20. c4 Bb7 {[%clk 0:35:09]}
21. Rxb7 {[%clk 0:10:16]} Qxb7 {[%clk 0:35:32]} 22. Bxf6 {[%clk 0:09:11]} hxg3
{[%clk 0:32:47]} 23. hxg3 Rc8 24. Bd4 {[%clk 0:08:57]} Bg7 {[%clk 0:12:26]} 25.
Bxg7 {[%clk 0:06:57]} Rxg7 26. Rb1 {[%clk 0:07:12]} Qc6 {[%clk 0:11:58]} 27.
Kf2 {[%clk 0:04:46]} Qc5 {[%clk 0:09:07]} 28. Qxc5 {[%clk 0:04:59]} Rxc5 {[%clk
0:09:31]} 29. Rb6 {[%clk 0:05:22]} Ra5 {[%clk 0:08:09]} 30. Bb1 {[%clk
0:05:07]} Ra3 {[%clk 0:06:31]} 31. Rb3 {[%clk 0:05:32]} Rxb3 {[%clk 0:06:41]}
32. axb3 {[%clk 0:05:58]} a5 0-1

[Event "DVM U20 2018"]
[Site "Osnabrück GER"]
[Date "2018.12.29"]
[Round "5"]
[White "Hoffmann, Lennard"]
[Black "Elier, Ali"]
[Result "1/2-1/2"]
[Termination "normal"]
[Board "2.6"]
[WhiteElo "1995"]
[BlackElo "1989"]
[WhiteClock "00:22:25"]
[BlackClock "00:54:38"]
[WhiteTeam "SG Aufbau Elbe Magdeburg"]
[BlackTeam "SF Brackel"]
[PlyCount "135"]
[WhiteFideId "12943495"]
[BlackFideId "16217543"]
[EventCountry "GER"]
[EventRounds "7"]
[EventType "team-swiss"]
[EventDate "2018.12.26"]

1. e4 {[%clk 1:30:58]} e5 {[%clk 1:30:56]} 2. Nf3 {[%clk 1:31:23]} Nc6 {[%clk
1:31:22]} 3. Bb5 {[%clk 1:31:46]} Nge7 {[%clk 1:31:44]} 4. Nc3 {[%clk 1:30:48]}
g6 {[%clk 1:32:06]} 5. d4 {[%clk 1:30:18]} exd4 {[%clk 1:32:31]} 6. Nd5 {[%clk
1:30:29]} Bg7 {[%clk 1:32:52]} 7. Bg5 {[%clk 1:30:43]} h6 {[%clk 1:33:05]} 8.
Bf6 {[%clk 1:30:58]} Bxf6 {[%clk 1:33:28]} 9. Nxf6+ {[%clk 1:31:22]} Kf8 {[%clk
1:33:54]} 10. Qd2 {[%clk 1:30:51]} Kg7 {[%clk 1:32:15]} 11. Nxd4 {[%clk
1:30:09]} Ng8 {[%clk 1:32:19]} 12. Nxg8 {[%clk 1:18:42]} Rxg8 {[%clk 1:32:06]}
13. O-O-O {[%clk 0:59:04]} Qf6 {[%clk 1:20:25]} 14. Bxc6 {[%clk 0:36:14]} dxc6
15. h4 {[%clk 0:34:41]} c5 {[%clk 1:15:46]} 16. Nb5 {[%clk 0:33:41]} Qc6 {[%clk
1:07:09]} 17. Nc3 {[%clk 0:28:36]} Be6 {[%clk 1:03:02]} 18. h5 Rad8 {[%clk
0:54:41]} 19. Nd5 {[%clk 0:17:15]} Bxd5 {[%clk 0:51:17]} 20. exd5 {[%clk
0:17:38]} Qf6 {[%clk 0:50:42]} 21. hxg6 {[%clk 0:18:01]} Qxg6 {[%clk 0:51:02]}
22. Rh3 {[%clk 0:17:29]} Kh7 {[%clk 0:48:29]} 23. Rdh1 {[%clk 0:16:30]} Rd6
{[%clk 0:48:51]} 24. g4 {[%clk 0:06:55]} Qg5 {[%clk 0:48:19]} 25. f4 {[%clk
0:02:58]} Qxg4 {[%clk 0:48:26]} 26. Qd3+ {[%clk 0:03:23]} Kh8 {[%clk 0:43:50]}
27. Qc3+ {[%clk 0:02:25]} Kh7 {[%clk 0:43:44]} 28. Qd3+ {[%clk 0:01:56]} Kh8
{[%clk 0:44:09]} 29. Rxh6+ {[%clk 0:01:15]} Rxh6 {[%clk 0:44:35]} 30. Rxh6+
{[%clk 0:01:42]} Kg7 {[%clk 0:45:00]} 31. Rh7+ {[%clk 0:02:08]} Kf8 {[%clk
0:45:08]} 32. Qe3 {[%clk 0:02:24]} Qg1+ {[%clk 0:44:53]} 33. Qxg1 {[%clk
0:02:52]} Rxg1+ {[%clk 0:45:16]} 34. Kd2 {[%clk 0:03:16]} Rf1 {[%clk 0:43:14]}
35. Ke3 {[%clk 0:02:41]} Rb1 {[%clk 0:42:31]} 36. f5 {[%clk 0:01:09]} Kg8
{[%clk 0:42:09]} 37. Rh6 {[%clk 0:01:11]} Kg7 {[%clk 0:42:28]} 38. Rh2 {[%clk
0:00:50]} Rxb2 {[%clk 0:42:45]} 39. Kd3 {[%clk 0:01:08]} Rxa2 {[%clk 0:40:48]}
40. Kc4 {[%clk 0:01:31]} Kf6 {[%clk 0:38:37]} 41. Kxc5 {[%clk 0:30:01]} Kxf5
{[%clk 1:07:32]} 42. Kd4 Ra4+ {[%clk 1:04:05]} 43. c4 {[%clk 0:27:17]} b5
{[%clk 1:04:09]} 44. Kc5 {[%clk 0:27:25]} Rxc4+ {[%clk 1:04:01]} 45. Kxb5
{[%clk 0:27:48]} Rc1 {[%clk 1:02:44]} 46. Rf2+ {[%clk 0:27:41]} Kg6 47. Ra2
{[%clk 0:27:11]} f5 {[%clk 1:03:00]} 48. Ra6+ {[%clk 0:26:12]} Kh5 {[%clk
0:54:57]} 49. Rc6 {[%clk 0:26:00]} Rd1 {[%clk 0:55:20]} 50. Kc5 {[%clk
0:25:51]} f4 {[%clk 0:53:48]} 51. Rxc7 {[%clk 0:26:09]} f3 {[%clk 0:54:03]} 52.
Rf7 {[%clk 0:24:37]} Kg4 {[%clk 0:54:10]} 53. Rg7+ {[%clk 0:21:53]} Kh3 {[%clk
0:54:17]} 54. Rxa7 {[%clk 0:18:48]} f2 {[%clk 0:53:12]} 55. Rf7 {[%clk
0:19:12]} f1=Q {[%clk 0:53:16]} 56. Rxf1 {[%clk 0:19:40]} Rxf1 57. d6 {[%clk
0:19:52]} Kg4 {[%clk 0:53:36]} 58. d7 {[%clk 0:19:58]} Rd1 {[%clk 0:52:10]} 59.
Kc6 {[%clk 0:20:20]} Kf5 {[%clk 0:52:26]} 60. Kc7 {[%clk 0:20:44]} Rc1+ {[%clk
0:52:42]} 61. Kb8 {[%clk 0:20:18]} Rb1+ {[%clk 0:52:41]} 62. Kc7 {[%clk
0:20:39]} Rc1+ {[%clk 0:53:06]} 63. Kb8 {[%clk 0:21:06]} Rd1 {[%clk 0:53:22]}
64. Kc7 {[%clk 0:21:32]} Rc1+ {[%clk 0:53:42]} 65. Kb8 {[%clk 0:21:45]} Rd1
{[%clk 0:53:54]} 66. Kc7 {[%clk 0:22:09]} Ke6 {[%clk 0:54:17]} 67. d8=Q {[%clk
0:22:25]} Rxd8 {[%clk 0:54:38]} 68. Kxd8 1/2-1/2

[Event "DVM U20 2018"]
[Site "Osnabrück GER"]
[Date "2018.12.29"]
[Round "5"]
[White "Böhning, Kilian"]
[Black "Oberhofer, Cédric"]
[Result "1-0"]
[Termination "normal"]
[Board "3.1"]
[WhiteElo "2097"]
[BlackElo "2260"]
[WhiteClock "00:03:59"]
[BlackClock "00:15:15"]
[WhiteTeam "Hagener SV"]
[BlackTeam "SC Bavaria Regensburg"]
[PlyCount "145"]
[WhiteFideId "1270499"]
[BlackFideId "12941220"]
[EventCountry "GER"]
[EventRounds "7"]
[EventType "team-swiss"]
[EventDate "2018.12.26"]

1. d4 {[%clk 1:30:48]} Nf6 {[%clk 1:30:53]} 2. Nf3 {[%clk 1:30:11]} c5 {[%clk
1:31:17]} 3. d5 {[%clk 1:29:41]} e6 {[%clk 1:31:40]} 4. c4 {[%clk 1:29:58]}
exd5 {[%clk 1:32:05]} 5. cxd5 {[%clk 1:30:22]} d6 {[%clk 1:32:31]} 6. Nc3
{[%clk 1:28:14]} g6 {[%clk 1:32:55]} 7. g3 {[%clk 1:24:11]} Bg7 {[%clk
1:33:19]} 8. Bg2 {[%clk 1:24:28]} O-O {[%clk 1:33:06]} 9. O-O {[%clk 1:24:28]}
Re8 10. Nd2 {[%clk 1:14:31]} a6 {[%clk 1:29:11]} 11. a4 {[%clk 1:11:06]} Nbd7
{[%clk 1:29:34]} 12. h3 {[%clk 1:09:47]} Nh5 13. e4 {[%clk 0:53:43]} Rb8 {[%clk
1:12:50]} 14. a5 b5 {[%clk 1:02:55]} 15. axb6 {[%clk 0:49:31]} Nxb6 {[%clk
1:03:19]} 16. Re1 {[%clk 0:41:20]} Bd7 17. Rxa6 {[%clk 0:34:35]} Qc8 {[%clk
0:53:20]} 18. Rxb6 {[%clk 0:34:48]} Rxb6 {[%clk 0:53:39]} 19. Nc4 {[%clk
0:35:01]} Ra6 {[%clk 0:51:40]} 20. g4 Bd4 {[%clk 0:48:14]} 21. gxh5 {[%clk
0:31:36]} Bxh3 {[%clk 0:48:30]} 22. Qf3 {[%clk 0:25:02]} Bg4 {[%clk 0:32:38]}
23. Qg3 {[%clk 0:24:53]} Qd7 {[%clk 0:32:37]} 24. Bf4 {[%clk 0:20:59]} Rb8
{[%clk 0:31:44]} 25. e5 {[%clk 0:18:25]} Bf5 {[%clk 0:31:35]} 26. hxg6 {[%clk
0:16:58]} dxe5 {[%clk 0:27:54]} 27. gxf7+ {[%clk 0:14:28]} Kxf7 {[%clk
0:28:14]} 28. Bxe5 {[%clk 0:11:40]} Rg8 {[%clk 0:22:07]} 29. Qf4 {[%clk
0:05:47]} Rg4 {[%clk 0:18:48]} 30. Qxg4 {[%clk 0:03:56]} Bxg4 {[%clk 0:15:14]}
31. Bxd4 {[%clk 0:04:19]} Kg8 {[%clk 0:15:34]} 32. d6 {[%clk 0:03:32]} cxd4
{[%clk 0:15:29]} 33. Ne4 {[%clk 0:01:59]} Rxd6 {[%clk 0:14:01]} 34. Ncxd6
{[%clk 0:02:20]} Kg7 {[%clk 0:14:24]} 35. Nc4 {[%clk 0:02:11]} d3 {[%clk
0:12:13]} 36. Ncd2 {[%clk 0:01:47]} h5 {[%clk 0:10:17]} 37. Re3 {[%clk
0:01:44]} Qd4 {[%clk 0:08:06]} 38. Bf1 {[%clk 0:01:19]} Qxb2 {[%clk 0:07:30]}
39. Bxd3 {[%clk 0:01:01]} h4 {[%clk 0:06:56]} 40. Bf1 {[%clk 0:00:58]} Qa1
{[%clk 0:02:43]} 41. Nc4 {[%clk 0:19:58]} Kh6 {[%clk 0:30:11]} 42. Ncd6 {[%clk
0:18:31]} Kg7 {[%clk 0:27:38]} 43. Ng5 {[%clk 0:16:26]} Kg6 {[%clk 0:26:29]}
44. Nde4 {[%clk 0:15:58]} Qb1 {[%clk 0:23:04]} 45. Nf3 {[%clk 0:14:19]} Bxf3
{[%clk 0:19:31]} 46. Rxf3 {[%clk 0:14:43]} Kh5 {[%clk 0:19:29]} 47. Re3 {[%clk
0:12:07]} Qa1 {[%clk 0:19:34]} 48. Kg2 {[%clk 0:10:42]} Qg7+ {[%clk 0:19:50]}
49. Kh2 {[%clk 0:10:49]} Qe5+ {[%clk 0:20:13]} 50. Kg1 {[%clk 0:09:58]} Qa1
{[%clk 0:20:36]} 51. Nd2 {[%clk 0:09:46]} Qc1 {[%clk 0:17:33]} 52. Nf3 {[%clk
0:09:18]} Kg4 53. Ne1 {[%clk 0:08:24]} Qa1 {[%clk 0:16:13]} 54. Re4+ {[%clk
0:05:32]} Kf5 {[%clk 0:15:53]} 55. Bd3 {[%clk 0:05:24]} Kg5 {[%clk 0:16:18]}
56. Kg2 {[%clk 0:05:27]} Kh5 {[%clk 0:12:34]} 57. Be2+ {[%clk 0:03:38]} Kg6
{[%clk 0:12:24]} 58. Nf3 {[%clk 0:03:22]} h3+ {[%clk 0:12:37]} 59. Kxh3 {[%clk
0:03:30]} Qh1+ {[%clk 0:13:02]} 60. Kg3 {[%clk 0:03:46]} Kf6 {[%clk 0:13:13]}
61. Rf4+ {[%clk 0:03:42]} Ke6 {[%clk 0:13:36]} 62. Re4+ {[%clk 0:02:48]} Kf6
{[%clk 0:14:02]} 63. Rf4+ {[%clk 0:02:51]} Ke6 {[%clk 0:14:28]} 64. Ng5+ {[%clk
0:03:00]} Ke5 {[%clk 0:14:49]} 65. Bf3 {[%clk 0:02:48]} Qc1 {[%clk 0:14:42]}
66. Re4+ {[%clk 0:02:56]} Kf5 {[%clk 0:15:06]} 67. Nh3 {[%clk 0:03:11]} Qa1
{[%clk 0:15:00]} 68. Rf4+ {[%clk 0:03:13]} Ke5 {[%clk 0:15:25]} 69. Bg4 {[%clk
0:03:25]} Qc3+ {[%clk 0:15:18]} 70. Rf3 {[%clk 0:03:49]} Qc1 {[%clk 0:15:18]}
71. Re3+ {[%clk 0:03:50]} Kd4 {[%clk 0:15:38]} 72. Re6 {[%clk 0:04:09]} Kd5
{[%clk 0:15:15]} 73. Nf4+ {[%clk 0:03:59]} 1-0